| 000 | 00682nam a2200193Ia 4500 | ||
|---|---|---|---|
| 003 | GCL | ||
| 008 | 140319s9999 xx 000 0 ara d | ||
| 040 |
_aGCL / _cGCL |
||
| 082 | 0 | 4 |
_a817.008 _bه ا |
| 100 | 1 | _aهيكل نعمة الله | |
| 245 | 1 | 0 |
_aاحلى طرائف ونوادر اللغويين والنجاة والمعلمين والالغاز / _cهيكل نعمة الله |
| 250 | _aالاولى | ||
| 260 |
_aبيروت : _bجروس برس ، _c1993 |
||
| 300 |
_a152 ص ؛ _c24 سم |
||
| 490 |
_aسلسلة احلى الطرائف والنوادر _v0 |
||
| 650 | 0 | 4 | _aالادب العربى |
| 650 | 0 | 4 | _aالاهاجى والفكاهات |
| 942 |
_2ddc _cBK |
||
| 999 |
_c56088 _d56088 |
||